Match the artist to the food-related song - Statistics

General Stats
  • This quiz has been taken 12 times
    8 since last reset
  • The average score is 11 of 22
Answer Stats
Hint Answer % Correct
Sabrina Carpenter (italian bevarage) espresso
80%
Billie Eilish (meal) lunch
80%
Nancy Sinatra, Lee Hazelwood summer wine
80%
Sabrina Carpenter (one of the five senses) taste
80%
Charli xcx apple
60%
Harry Belafonte day-o the banana boat song
60%
Lizzo juice
60%
Kelis milkshake
60%
Technotronic pump up the jam
60%
Lesley Gore sunshine, lollipops and rainbows
60%
Billie Eilish (type of restaurant) the diner
60%
Chappell Roan (found at a starbucks) coffee
40%
Adele i drink wine
40%
The Chordettes lollipop
40%
Sabrina Carpenter (goes in desserts) sugar talking
40%
Nancy Sinatra sugar town
40%
Shonen Knife blue oyster cult
20%
Doechii boiled peanuts
20%
Barbra Streisand come to the supermarket (in old peking)
20%
Sabrina Carpenter (alcoholic drink) go go juice
20%
Chappell Roan (alcoholic space phenomenon) red wine supernova
20%
Patti LuPone the ladies who lunch
20%
No matching quizzes found
Score Distribution
Percent of People with Each Score
Percentile by Number Answered
Your Score History
You have not taken this quiz since the last reset